| 000 | 00812cac a22002291u 4500 | ||
|---|---|---|---|
| 090 | _c5723 | ||
| 008 | 081105t2000 xxu||||| |||| 00| 0 eng d | ||
| 010 | _a99064294 | ||
| 020 | _a0155080474 | ||
| 082 | 0 | 0 |
_a150 _bSTE |
| 100 | _aSternberg, Robert J. | ||
| 245 | 1 | 0 |
_aPathways to psychology / _cRobert J. Sternberg. |
| 250 | _a2nd ed. | ||
| 260 |
_aFort Worth, TX : _bHarcourt College Publishers, _cc2000. |
||
| 300 |
_a1 v. (various pagings) : _bill. (some col.) ; _c28 cm. |
||
| 500 | _adistributer: Al-Ahram | ||
| 504 | _aIncludes bibliographical references and indexes. | ||
| 511 | _acatalogued by: wessam | ||
| 650 | 0 | _aPsychology. | |
| 942 |
_cBB _k150STE _2ddc |
||
| 999 |
_c5723 _d5723 |
||